[Event "TCh-FIN 2001-02"]
[Site "FIN"]
[Date "2001.11.17"]
[Round "4"]
[White "Penttinen,J"]
[Black "Ristoja,J"]
[Result "0-1"]
[WhiteElo "2363"]
[BlackElo "2300"]

1.e4 d6 2.d4 Nf6 3.Nc3 e5 4.Nf3 Nbd7 5.Be2 Be7 6.h3 c6 7.Be3 b5 8.a3 a6 9.g4 O-O
10.g5 Ne8 11.d5 Bb7 12.h4 cxd5 13.exd5 Rc8 14.h5 Nb6 15.g6 Rxc3 16.Bxb6 Qxb6
17.bxc3 Qc5 18.gxh7+ Kh8 19.Qd2 Nf6 20.c4 bxc4 21.Qb4 Qxb4+ 22.axb4 Nxd5
23.Bxc4 Nxb4 24.Ke2 Nxc2 25.Ra2 Nb4 26.Rb2 d5 27.Bb3 Bd6 28.Rh3 a5 29.Rd2 e4
30.Nd4 Bf4 31.Rd1 Kxh7 32.Kf1 Bc8 33.Rc3 Bg4 34.Ra1 Be5 35.Nb5 f5 36.Rcc1 Bxa1
37.Rxa1 Rb8 38.Nd4 Ra8 39.Ba4 Kh6 40.Rc1 Kxh5 41.Ne6 Kh6 42.Rc5 g6 43.Kg2 Nd3
44.Rc6 Rb8 45.Kg3 Bh5 46.Ra6 Nc1 47.Kf4 Nd3+ 48.Kg3 Nb2 49.Bc6 Rb3+ 50.Kh2 Rb8
51.Rxa5 Nd1 52.Kg2 Nc3 53.Rc5 Bf3+ 54.Kh2 Ne2 55.Bb5 Rb6  0-1

[Event "VII Sreiber Mem"]
[Site "Subotica YUG"]
[Date "2001.11.17"]
[Round "12"]
[White "Sanduleac,V"]
[Black "Andonov,B"]
[Result "1-0"]
[WhiteElo "2461"]
[BlackElo "2412"]

1.e4 d6 2.d4 Nf6 3.Nc3 Nbd7 4.Nf3 e5 5.Bc4 Be7 6.O-O O-O 7.Re1 c6 8.a4 b6
9.d5 Bb7 10.dxc6 Bxc6 11.Bg5 Qc7 12.Bb5 h6 13.Bxc6 Qxc6 14.Bxf6 Nxf6 15.Qd2 Rfd8
16.Rad1 Nh7 17.Nd5 Qb7 18.c4 Nf8 19.Qb4 Ng6 20.g3 Rab8 21.Nd2 Nf8 22.Nf3 Ng6
23.Re3 Bf8 24.Red3 Qc8 25.b3 f5 26.Qe1 f4 27.Qe2 Ne7 28.Kh1 Nxd5 29.Rxd5 g5
30.Nxe5 dxe5 31.Rxd8 Qxd8 32.Rxd8 Rxd8 33.Qg4 Bg7 34.h4 fxg3 35.fxg3 gxh4
36.gxh4 Rf8 37.h5 Rf6 38.b4  1-0

[Event "ch-Balkan"]
[Site "Istanbul TUR"]
[Date "2001.11.20"]
[Round "3"]
[White "Erdogdu,M"]
[Black "Spasov,V"]
[Result "0-1"]
[WhiteElo "2310"]
[BlackElo "2569"]

1.e4 d6 2.d4 Nf6 3.Nc3 e5 4.Nf3 Nbd7 5.Bc4 Be7 6.O-O O-O 7.a4 c6 8.Re1 b6
9.Qe2 a6 10.Bg5 h6 11.Bh4 Nh5 12.Bg3 Nxg3 13.hxg3 Bf6 14.Rad1 Qe7 15.Bb3 Bb7
16.d5 c5 17.Nd2 g6 18.Nc4 h5 19.Ra1 Kg7 20.Nd1 Rh8 21.Nde3 Bc8 22.c3 Rb8
23.Bc2 Bg5 24.Rf1 h4 25.b4 hxg3 26.fxg3 cxb4 27.cxb4 Nf6 28.b5 Qc7 29.Rf2 Qc5
30.Raf1 Rf8 31.Bd3 axb5 32.axb5 Bd7 33.g4 Bxb5 34.g3 Bxc4 35.Nxc4 b5 36.Na5 Be3
37.Kg2 Bxf2 38.Rxf2 Ra8 39.Nb3 Qc3 40.g5 Nh7 41.Nd2 Ra3  0-1

[Event "ch-Balkan"]
[Site "Istanbul TUR"]
[Date "2001.11.21"]
[Round "4"]
[White "Bojkov,D"]
[Black "Stojanovski,D"]
[Result "1/2-1/2"]
[WhiteElo "2411"]
[BlackElo "2412"]

1.e4 d6 2.d4 Nf6 3.Nc3 e5 4.Nf3 Nbd7 5.Bc4 Be7 6.O-O O-O 7.Re1 c6 8.a4 a5
9.h3 h6 10.dxe5 dxe5 11.Be3 Bb4 12.Qd3 Nh5 13.Nh2 Qh4 14.Qe2 Nc5 15.Qf3 Nf6
16.Bxc5 Bxc5 17.Rad1 Be6 18.Bf1 Nh7 19.g3 Qe7 20.Ng4 Ng5 21.Qe2 h5 22.Ne3 Bxe3
23.fxe3 g6 24.Kh2 Qb4 25.Rb1 Nxe4 26.Nxe4 Qxe4 27.b3 Rad8 28.Bg2 Qb4 29.Rbd1 Bd5
30.Bxd5 cxd5 31.Qb5 Qxb5 32.axb5 d4 33.exd4 exd4 34.Re4 Rc8 35.Rd2 Rfd8 36.h4 Rd5
37.c4 dxc3 38.Rxd5 c2 39.Re1 c1=Q 40.Rxc1 Rxc1 41.Rd7 b6 42.Rd6 Rc2+ 43.Kh3 Rc3
44.Rxb6 Rxb3 45.Rb7 Kg7 46.b6 Kf6 47.Ra7 Rxb6 48.Rxa5 Re6 49.Rb5 Re5 50.Rb4 Kf5
51.Rf4+ Ke6 52.Rb4 f6 53.Ra4 Re2 54.Ra5 Re5 55.Ra4 g5 56.hxg5 fxg5 57.Kg2 Kf5
58.g4+ hxg4 59.Ra8 Re2+ 60.Kg3 Re3+ 61.Kg2 Re6  1/2-1/2

[Event "Open A"]
[Site "Genova ITA"]
[Date "2001.11.22"]
[Round "5"]
[White "Di Paolo,R"]
[Black "Georgiev,Vl"]
[Result "0-1"]
[WhiteElo "2326"]
[BlackElo "2564"]

1.e4 d6 2.d4 Nf6 3.Nc3 e5 4.dxe5 dxe5 5.Qxd8+ Kxd8 6.Bc4 Be6 7.Bxe6 fxe6
8.Nf3 Nc6 9.O-O a6 10.Ng5 Kd7 11.Rd1+ Bd6 12.Nf7 Rhf8 13.Nxd6 cxd6 14.Be3 Ke7
15.Rd2 b5 16.f3 Rfc8 17.a4 b4 18.Na2 Rab8 19.Nc1 Nd4 20.Bxd4 exd4 21.Rxd4 Rxc2
22.Nd3 a5 23.Rc1 Rbc8 24.Rxc2 Rxc2 25.Nxb4 axb4 26.Rxb4 Nd7 27.Rb7 Kd8 28.b4 Rc7
29.Rb5 Ra7 30.a5 Kc7 31.f4 h6  0-1

[Event "ch-Balkan"]
[Site "Istanbul TUR"]
[Date "2001.11.22"]
[Round "5"]
[White "Seitaj,I"]
[Black "Bojkov,D"]
[Result "1/2-1/2"]
[WhiteElo "2386"]
[BlackElo "2411"]

1.e4 d6 2.d4 Nf6 3.Nc3 e5 4.Nf3 Nbd7 5.Bc4 Be7 6.O-O O-O 7.Re1 c6 8.a4 Qc7
9.h3 b6 10.Bg5 h6 11.Bh4 Re8 12.Qd2 a6 13.Bf1 Nf8 14.Bg3 Nh5 15.Bh2 Ng6 16.Ne2 Bb7
17.c3 Bf8 18.Ng3 Nxg3 19.Bxg3 Qe7 20.Rad1 Rad8 21.Qc2 Nf4 22.Qb3 Qc7 23.Nd2 Nh5
24.Bh2 b5 25.Nf3 Nf4 26.axb5 cxb5 27.d5 Rb8 28.Ra1 Qc5 29.Qa3 Qb6 30.Qa5 Qxa5
31.Rxa5 Be7 32.Bxf4 exf4 33.Nd4 Bd8 34.Raa1 Bb6 35.Nf5 Rbd8 36.Bd3 h5 37.Kf1 g6
38.Nd4 Bxd4 39.cxd4 Kg7 40.Rec1 Rc8 41.Rxc8 Rxc8 42.Ke2 g5 43.g3 fxg3 44.fxg3 f6
45.Kd2 Kf7 46.Be2 Kg6 47.g4 hxg4 48.Bxg4 Rc4 49.Kd3 Kf7 50.Ra3 Ke7 51.Rc3 Rxc3+
52.Kxc3 a5 53.Be2 Ba6 54.Kd2 Kd8 55.b4 a4 56.Ke3 Kc7 57.Bg4 Bc8 58.Kd2 Bd7
59.Kc3 Kd8 60.Kb2 Kc7 61.Kc3 Be8 62.Bf5 Bh5 63.Bg4 Bg6 64.Bf3 Kb6 65.Kb2 Kb7
66.Ka3 Kc7 67.Kb2  1/2-1/2

[Event "ch-ROM"]
[Site "Targoviste ROM"]
[Date "2001.11.24"]
[Round "1"]
[White "Parligras,M"]
[Black "Badea,B"]
[Result "1-0"]
[WhiteElo "2431"]
[BlackElo "2530"]

1.e4 d6 2.d4 Nf6 3.Nc3 e5 4.Nf3 Nbd7 5.Bc4 Be7 6.O-O O-O 7.Re1 c6 8.a4 Re8
9.h3 Bf8 10.a5 h6 11.Be3 Qc7 12.d5 a6 13.Qd3 c5 14.Ne2 b5 15.axb6 Nxb6 16.Bb3 a5
17.c4 Bd7 18.Ra3 Reb8 19.Bc2 Be7 20.Ng3 a4 21.Nh4 Nc8 22.Nhf5 Bf8 23.Rb1 Ne7
24.Nxe7+ Bxe7 25.Bc1 Nh7 26.Rba1 Bg5 27.Bxg5 Nxg5 28.Bxa4 Rxa4 29.Rxa4 Bxa4
30.Rxa4 Rxb2 31.Nf5 f6 32.h4 Nh7 33.Qg3 Rb8 34.Nxh6+ Kh8 35.Nf5 Rd8 36.Ra6 Nf8
37.h5 Qf7 38.Qg4 Nh7 39.Nxd6 Qc7 40.Nb5 Qf7 41.Ra7 Qg8 42.Qg6 Nf8  1-0

[Event "FSGMA December"]
[Site "Budapest HUN"]
[Date "2001.12.02"]
[Round "2"]
[White "Bakre,T"]
[Black "Felgaer,R"]
[Result "1/2-1/2"]
[WhiteElo "2446"]
[BlackElo "2467"]

1.e4 d6 2.d4 Nf6 3.Nc3 c6 4.Nf3 Bg4 5.Be2 e6 6.O-O Be7 7.Ng5 Bxe2 8.Qxe2 h6
9.Nh3 d5 10.Nf4 dxe4 11.Rd1 Nbd7 12.Nxe4 Nxe4 13.Qxe4 Nf6 14.Qf3 O-O 15.c4 Qa5
16.Nd3 Rfd8 17.Be3 Qh5 18.Qxh5 Nxh5 19.a4 a5 20.Rac1 Nf6 21.Rc3 Ne4 22.Rb3 Bf6
23.Ne1 Rd7 24.Rbd3 Rad8 25.b3 Bg5 26.Kf1 Kf8 27.Ke2 Ke8 28.Nc2 Bxe3 29.fxe3 Ke7
30.Na3 b6 31.c5 bxc5 32.Nc4 Ra7 33.Ne5 Ra6 34.dxc5 Rd5 35.Rxd5 exd5 36.Rc1 Ke6
37.Nf3 Ra8 38.Nd4+ Kd7 39.Rf1 Rf8 40.Rc1  1/2-1/2

[Event "9th YM"]
[Site "Loures POR"]
[Date "2001.12.03"]
[Round "7"]
[White "Pinheiro,J"]
[Black "Georgiev,Vl"]
[Result "0-1"]
[WhiteElo "2339"]
[BlackElo "2564"]

1.d4 d6 2.e4 Nf6 3.Nc3 e5 4.Nf3 Nbd7 5.Bc4 Be7 6.O-O O-O 7.Re1 c6 8.a4 a5
9.Bf1 exd4 10.Nxd4 Nc5 11.h3 Qb6 12.b3 Bd7 13.Bb2 Rae8 14.Qf3 Na6 15.Rad1 Nb4
16.Rd2 Qc5 17.Qd1 Bd8 18.Nf3 Bb6 19.Nb5 cxb5 20.Bd4 Qc7 21.Bxb6 Qxb6 22.Rxd6 Qc5
23.e5 Nbd5 24.c4 bxc4 25.bxc4 Nc3 26.Qa1 Nfe4 27.Rxd7 Qxf2+ 28.Kh2 f6 29.e6 Rxe6
30.c5 Qxc5 31.Qc1 Kh8 32.Qf4 Re7 33.Rd4 Rfe8 34.Rc4 Qb6 35.h4 Nd5 36.Qc1 f5
37.Rc8 Ndf6 38.Ng5 Ng4+  0-1

[Event "Friendship IM"]
[Site "Prerove CZE"]
[Date "2001.12.04"]
[Round "1"]
[White "Van de Berkmortel,T"]
[Black "Ruckschloss,K"]
[Result "0-1"]
[WhiteElo "2264"]
[BlackElo "2264"]

1.e4 d6 2.d4 Nf6 3.Nc3 c6 4.f4 b5 5.Bd3 b4 6.Nce2 e5 7.Nf3 exd4 8.Nexd4 Be7
9.Qe2 O-O 10.Be3 c5 11.Nb3 a5 12.e5 a4 13.exf6 Bxf6 14.Nbd2 a3 15.O-O axb2
16.Rab1 Rxa2 17.Nb3 Re8 18.Qf2 Be6 19.Bb5 Nd7 20.Rfd1 Qb6 21.Bxd7 Bxd7 22.Bxc5 dxc5
23.Rxd7 Qb5 24.Rd5 Ra1 25.Nxa1 bxa1=Q 26.Rxa1 Bxa1 27.Qxc5 Qe2 28.Rd2 Qe4
29.h3 Qxf4 30.Qb5 Qe3+ 31.Kh1 h6 32.Qxb4 Bc3  0-1

[Event "FSGMA December"]
[Site "Budapest HUN"]
[Date "2001.12.06"]
[Round "6"]
[White "Bokros,A"]
[Black "Felgaer,R"]
[Result "1/2-1/2"]
[WhiteElo "2429"]
[BlackElo "2467"]

1.e4 d6 2.d4 Nf6 3.Nc3 c6 4.f4 Qa5 5.Bd3 e5 6.Nf3 exd4 7.Nxd4 g6 8.Nf3 Bg7
9.O-O O-O 10.Kh1 Bg4 11.h3 Bxf3 12.Qxf3 Nbd7 13.Bd2 Qc7 14.Rae1 Rae8 15.g4 h6
16.Ne2 Nh7 17.b3 Qd8 18.Kg2 g5 19.Ng3 gxf4 20.Nf5 Ne5 21.Qxf4 Re6 22.Qg3 Rfe8
23.Nxg7 Kxg7 24.Rf5 Kg8  1/2-1/2

[Event "FSIMA December"]
[Site "Budapest HUN"]
[Date "2001.12.09"]
[Round "9"]
[White "Erdelyi,Z"]
[Black "Mensch,E"]
[Result "0-1"]
[WhiteElo "2242"]
[BlackElo "2299"]

1.e4 d6 2.d4 Nf6 3.Nc3 Nbd7 4.f4 e5 5.Nf3 exd4 6.Qxd4 c6 7.Be3 d5 8.exd5 Bc5
9.Qd3 Qe7 10.Nd4 Nb6 11.dxc6 bxc6 12.Be2 O-O 13.Bg1 Qc7 14.O-O-O Nbd5 15.Nxd5 cxd5
16.g3 Rb8 17.Nb3 Bxg1 18.Rhxg1 a5 19.Qd4 Bd7 20.Bd3 Rb4 21.Qe5 Qb6 22.a3 Rxb3
23.cxb3 Re8 24.Qg5 h6 25.Qh4 Bg4 26.Rde1 Rc8+ 27.Kb1 Qxb3 28.Re3 Kf8 29.Rge1 Rb8  0-1

[Event "Friendship GM"]
[Site "Prerove CZE"]
[Date "2001.12.09"]
[Round "6"]
[White "Berzinsh,R"]
[Black "Stocek,J"]
[Result "1/2-1/2"]
[WhiteElo "2464"]
[BlackElo "2518"]

1.e4 d6 2.d4 Nf6 3.Nc3 e5 4.Nf3 Nbd7 5.g3 Be7 6.Bg2 O-O 7.O-O Re8 8.b3 Bf8
9.Re1 c6 10.a4 a5 11.Bb2 Qc7 12.h3 b6 13.Qd2 Bb7 14.Rad1 Rad8 15.Qc1 g6 16.Qa1 Bg7
17.Ba3  1/2-1/2

[Event "Admiralteiskii Women"]
[Site "St Petersburg RUS"]
[Date "2001.12.10"]
[Round "8"]
[White "Kochetkova,J"]
[Black "Stjazhkina,O"]
[Result "1/2-1/2"]
[WhiteElo "2257"]
[BlackElo "2310"]

1.e4 d6 2.d4 Nf6 3.Nc3 e5 4.dxe5 dxe5 5.Qxd8+ Kxd8 6.Bg5 Be6 7.O-O-O+ Nd7
8.Nf3 Bd6 9.Bb5 Kc8 10.Bxf6 Nxf6 11.Ng5 a6 12.Be2 Kd7 13.Nxe6 Kxe6 14.Bc4+ Ke7
15.Nd5+ Nxd5  1/2-1/2

[Event "Rudenko mem w"]
[Site "St Petersburg RUS"]
[Date "2001.12.14"]
[Round "7"]
[White "Rubzova,T"]
[Black "Lomakina,G"]
[Result "1-0"]
[WhiteElo "2303"]
[BlackElo "2160"]

1.d4 d6 2.e4 Nf6 3.Nc3 e5 4.dxe5 dxe5 5.Qxd8+ Kxd8 6.Bg5 Be6 7.Nf3 Nd7 8.Rd1 Bd6
9.Bb5 Kc8 10.O-O a6 11.Bxd7+ Nxd7 12.Nd5 f6 13.Be3 Rd8 14.Rd2 b6 15.Rfd1 Kb7
16.a3 g6 17.h3 g5 18.Nh2 h5 19.Nf1 Rg8 20.Ng3 h4 21.Nf5 Bxf5 22.exf5 g4 23.hxg4 Rxg4
24.f3 Rg3 25.Bf2 Bc5 26.Bxc5 bxc5 27.Nxc7 Kxc7 28.Rxd7+ Kc6 29.c4 Kb6 30.b4 Rc8
31.R1d6+ Rc6 32.Rxc6+ Kxc6 33.Rf7 cxb4 34.axb4 Rg8 35.Rxf6+ Kb7 36.Kh2 Rc8
37.c5 Rd8 38.Rd6 Rf8 39.f6 Re8 40.f7 Rf8 41.Rf6  1-0

[Event "TCh-CZE 2001-2"]
[Site "CZE"]
[Date "2001.12.15"]
[Round "4"]
[White "Chernyshov,K"]
[Black "Orsag,Mil1"]
[Result "0-1"]
[WhiteElo "2539"]
[BlackElo "2387"]

1.e4 d6 2.d4 Nf6 3.Nc3 e5 4.Nf3 Nbd7 5.Bc4 Be7 6.O-O O-O 7.a4 c6 8.Ba2 b6
9.Qe2 Qc7 10.Rd1 a6 11.h3 Bb7 12.Bg5 b5 13.d5 b4 14.dxc6 Bxc6 15.Nd5 Bxd5
16.Bxf6 Nxf6 17.Bxd5 Nxd5 18.Rxd5 Rfc8 19.Ne1 Qb7 20.b3 Rc6 21.Rad1 Rac8
22.R1d3 h6 23.Qh5 Bf8 24.Kf1 R8c7 25.Qf3 Be7 26.g4 Qc8 27.Qg3 Qe6 28.Qe3 Qc8
29.Kg2 Qb7 30.Kg3 Qc8 31.h4 Qd8 32.h5 Qb8 33.Qf3 Qb6 34.Qf5 Qb8 35.Kg2 Qe8
36.Rd2 Qb8 37.R5d3 Qb7 38.Rf3 Bg5 39.Rd5 Rc8 40.Nd3 Re8 41.Nxb4 Rc7 42.Rxd6 Qxb4
43.Rxa6 Bf4 44.Rd3 Rxc2 45.Ra7 Rf8 46.Rd8 Rxf2+ 47.Kxf2 Qb6+ 48.Kg2 Qxd8
49.Rd7 Qc8 50.g5 Qc2+ 51.Kf1 Qb1+ 52.Kg2 Qb2+ 53.Kf1 Bxg5 54.Qf3 g6 55.Rd1 gxh5
56.a5 Rb8 57.Rd7 Qxb3 58.Qxb3 Rxb3 59.a6 Ra3 60.a7 Kg7 61.Ke2 h4 62.Kf1 Ra2
63.Kg1 h3 64.Kh1 Bf4  0-1

[Event "It"]
[Site "Pamplona ESP"]
[Date "2001.12.27"]
[Round "1"]
[White "De la Riva Aguado,O"]
[Black "Bologan,V"]
[Result "0-1"]
[WhiteElo "2495"]
[BlackElo "2668"]

1.e4 d6 2.d4 Nf6 3.Nc3 e5 4.Nf3 Nbd7 5.g3 c6 6.a4 Be7 7.Bg2 O-O 8.O-O Re8
9.h3 Bf8 10.Re1 b6 11.Be3 Bb7 12.Nd2 a6 13.g4 h6 14.d5 b5 15.dxc6 Bxc6 16.Nf1 bxa4
17.Qd3 Nh7 18.Nxa4 Ng5 19.Nc3 a5 20.Nd2 Ne6 21.Nc4 Nf4 22.Qd2 Nxg2 23.Kxg2 Nf6
24.f3 a4 25.Nb6 Rb8 26.Ncxa4 Bxa4 27.Nxa4 d5 28.exd5 Nxd5 29.Rad1 Qc8 30.Qf2 Nxe3+
31.Rxe3 f5 32.gxf5 Qxf5 33.Re4 Re6 34.b3 Rg6+ 35.Kh2 Rf6 36.Kg2 Rc8 37.c4 Rcc6
38.Rd3 Rg6+ 39.Kh2 Be7 40.h4 Bxh4 41.Qxh4 Rg5 42.Qh3 Rh5 43.Rd8+ Kh7 44.Rh4 Qc2+
45.Kg1 Rg6+ 46.Kf1 Rxh4 47.Qxh4 Qg2+ 48.Ke1 Qxf3 49.Qh2 Rg2  0-1

[Event "It"]
[Site "Pamplona ESP"]
[Date "2001.12.29"]
[Round "3"]
[White "Moreno Carnero,J"]
[Black "Bologan,V"]
[Result "1/2-1/2"]
[WhiteElo "2514"]
[BlackElo "2668"]

1.e4 d6 2.d4 Nf6 3.Nc3 e5 4.Nf3 Nbd7 5.Bc4 Be7 6.O-O O-O 7.Re1 c6 8.a4 a5
9.b3 exd4 10.Nxd4 Nb6 11.Bf1 d5 12.e5 Ne8 13.Bd3 g6 14.Bh6 Ng7 15.Nce2 Re8
16.c3 Bg5 17.Bxg5 Qxg5 18.f4 Qh6 19.Qc1 Bd7 20.Qe3 Nc8 21.Qf2 Ne7 22.b4 Rf8
23.bxa5 f6 24.exf6 Rxf6 25.Rab1 Bc8 26.Nf3 Ne6 27.Nfd4 Nc5 28.Bc2 Rxa5 29.Qe3 Qf8
30.Ng3 Rf7 31.c4 dxc4 32.Qc3 Ra8 33.Qxc4 Nd5 34.f5 Kg7 35.Ne6+ Nxe6 36.fxe6 Rf4
37.Qe2 Qe7 38.Qe5+ Kg8 39.Bb3 Rf6 40.Bxd5 cxd5 41.Qxd5  1/2-1/2

[Event "22nd Open"]
[Site "Bethune FRA"]
[Date "2001.12.30"]
[Round "7"]
[White "Degraeve,JM"]
[Black "Kasparov,S"]
[Result "1-0"]
[WhiteElo "2588"]
[BlackElo "2475"]

1.e4 d6 2.d4 Nf6 3.Nc3 e5 4.dxe5 dxe5 5.Qxd8+ Kxd8 6.Bg5 Be6 7.f4 exf4 8.Nf3 h6
9.Bxf4 Nbd7 10.O-O-O c6 11.Nd4 Bc5 12.Be2 Re8 13.Bf3 Kc8 14.e5 Bxd4 15.Rxd4 Nh7
16.Ne4 Kc7 17.Nd6 Re7 18.Rhd1 Nhf8 19.Bg3 a5 20.h4 Nb6 21.Nf5 Rd7 22.Nxg7 Rxd4
23.Rxd4 Rd8 24.Rf4  1-0

[Event "Open"]
[Site "Trinec CZE"]
[Date "2001.12.31"]
[Round "7"]
[White "Zawadzka,J"]
[Black "Bartel,Mi"]
[Result "0-1"]
[WhiteElo "2165"]
[BlackElo "2075"]

1.e4 d6 2.d4 Nf6 3.Nc3 e5 4.Nf3 Nbd7 5.Bc4 Be7 6.O-O O-O 7.a4 c6 8.Bb3 Qc7
9.a5 exd4 10.Qxd4 Nc5 11.Ba2 Be6 12.Be3 Bxa2 13.Rxa2 Rfe8 14.b4 Ne6 15.Qd3 d5
16.exd5 Red8 17.Qc4 Nxd5 18.Nxd5 Rxd5 19.c3 Bf6 20.Rd2 Rxd2 21.Nxd2 Bg5 22.f4 Be7
23.Ne4 c5 24.b5 Nf8 25.f5 Nd7 26.Ng5 Ne5 27.Qe4 Bf6 28.Bf4 Re8 29.Rd1 h6
30.Nh3 Qxa5 31.Nf2 Qxb5 32.Rb1 Nf3+ 33.gxf3 Rxe4 34.Rxb5 Rxf4 35.Rxc5 Rxf3
36.Rc7 Rxf5 37.Rxb7 Bxc3 38.Ne4 Bd4+ 39.Kg2 a5 40.Rb8+ Kh7 41.Ra8 Re5 42.Nd6 f5
43.Nc4 Re2+ 44.Kg3 Rc2 45.Rxa5 Rc3+ 46.Kg2 Rxc4  0-1

[Event "109th ch-NZL"]
[Site "Christchurch NZL"]
[Date "2002.01.03"]
[Round "6"]
[White "Van der Hoorn,M"]
[Black "Bennett,H"]
[Result "1-0"]
[WhiteElo "2120"]
[BlackElo "2088"]

1.e4 d6 2.d4 Nf6 3.Nc3 c6 4.Be3 Qa5 5.Qd2 e5 6.Nf3 Bg4 7.Bd3 Nbd7 8.O-O Bxf3
9.gxf3 exd4 10.Bxd4 Qh5 11.Qf4 Ne5 12.Be2 Be7 13.Qg3 Qg6 14.f4 Ned7 15.f5 Qxg3+
16.hxg3 b5 17.a3 O-O 18.Rad1 a5 19.f3 b4 20.Nb1 c5 21.Be3 Rab8 22.b3 Rfd8
23.g4 h6 24.a4 Ne5 25.Bf4 Nc6 26.Nd2 Nd4 27.Bd3 Ra8 28.Nc4 Ra7 29.Be3 Nc6
30.Nb2 Kf8 31.Bb5 Ne5 32.Bf4 Ne8 33.Bxe5 dxe5 34.Rxd8 Bxd8 35.Rd1 Bg5 36.Bxe8 Be3+
37.Kf1 Kxe8 38.Rd5 f6 39.Nc4 Bd4 40.Nd6+ Kf8 41.Nc8 Rc7 42.Rd8+ Kf7 43.Nb6 Rc6
44.Nc4 Ra6 45.Rd7+ Kf8 46.Ke2 Ra8 47.Kd3 Kg8 48.Nd6 Bf2 49.Kc4 Kf8 50.Kb5 Bg1
51.Nc4 Bf2 52.Nxa5 c4 53.Nxc4 Rb8+ 54.Kc6 Ra8 55.Rb7 Rc8+ 56.Kd7 Ra8 57.Kc7 Kg8
58.Rb8+ Rxb8 59.Kxb8 h5 60.gxh5 Kh7 61.a5 Kh6 62.a6 Kxh5 63.Kb7 Kg5 64.Nb6 Kf4
65.a7 Kxf3 66.a8=Q  1-0

[Event "6th Open"]
[Site "Bad Zwesten GER"]
[Date "2002.01.04"]
[Round "1"]
[White "Rohde,T"]
[Black "Bauer,Ch"]
[Result "0-1"]
[WhiteElo "2010"]
[BlackElo "2578"]

1.e4 d6 2.d4 Nf6 3.Nc3 Nbd7 4.g3 e5 5.Be3 c6 6.Bg2 b5 7.a3 Bb7 8.h3 Be7 9.Nge2 O-O
10.O-O a5 11.f4 Re8 12.dxe5 dxe5 13.f5 b4 14.Nb1 Bc5 15.Qc1 Ba6 16.Re1 Qb6
17.Kf2 Rad8 18.axb4 axb4 19.g4 h6 20.Ng3 b3 21.c3 Bxe3+ 22.Qxe3 Nc5 23.Kg1 Bd3
24.Nd2 Qb5 25.Bf1 Bxf1 26.Ndxf1 Nd3 27.Reb1 Nf4 28.Kh2 Rd3 29.Qe1 Nh7 30.h4 Nf6
31.g5 Ng4+ 32.Kh1 hxg5 33.hxg5 Qc5 34.Ra3 Red8 35.Rba1 Rd1 36.Rxd1 Rxd1 37.Ra8+ Kh7  0-1

[Event "6th Open"]
[Site "Bad Zwesten GER"]
[Date "2002.01.05"]
[Round "3"]
[White "Zakurdjaeva,I"]
[Black "Bauer,Ch"]
[Result "0-1"]
[WhiteElo "2310"]
[BlackElo "2578"]

1.e4 d6 2.d4 Nf6 3.Nc3 Nbd7 4.Nf3 e5 5.Bc4 Be7 6.O-O O-O 7.a4 c6 8.Re1 b6
9.b3 a6 10.Bf1 Bb7 11.Bb2 Re8 12.g3 Bf8 13.Bg2 b5 14.axb5 axb5 15.d5 Rxa1
16.Bxa1 Nc5 17.Nh4 b4 18.dxc6 Bxc6 19.Nd5 Nxd5 20.exd5 Bd7 21.Bb2 Qa8 22.f4 Qa2
23.Bc1 Qa7 24.Kh1 Qc7 25.Qd2 Rb8 26.Bb2 f6 27.Rd1 Qb6 28.fxe5 dxe5 29.d6 Be6
30.g4 Bxg4 31.Bd5+ Kh8 32.Rg1 Be6 33.Bxe6 Nxe6 34.Nf5 Qb7+ 35.Qg2 g6 36.Ne7 Bxe7
37.dxe7 Qxe7 38.Rd1 Nf4 39.Qc6 Qb7 40.Rd6 Qxc6+ 41.Rxc6 Rd8 42.Kg1 Rd1+ 43.Kf2 Rb1  0-1

[Event "4th Hilton Open"]
[Site "Basel SUI"]
[Date "2002.01.05"]
[Round "6"]
[White "Pelletier,Y"]
[Black "Solak,D"]
[Result "0-1"]
[WhiteElo "2549"]
[BlackElo "2501"]

1.d4 d6 2.e4 Nf6 3.Nc3 e5 4.Nf3 Nbd7 5.Bc4 Be7 6.O-O O-O 7.Re1 c6 8.a4 Qc7
9.Ba2 b6 10.d5 cxd5 11.Bxd5 Nxd5 12.Nxd5 Qd8 13.b3 Nf6 14.Nxe7+ Qxe7 15.Bg5 h6
16.Bxf6 Qxf6 17.Qd3 Qe7 18.Rad1 Rd8 19.Nd2 Be6 20.c4 a6 21.Nf1 b5 22.axb5 axb5
23.cxb5 Rab8 24.Ne3 Qb7 25.Nc4 Qxb5 26.Nxd6 Qb4 27.Qd2 Qb6 28.Qd3 Rd7  0-1

[Event "8th Open"]
[Site "Bosnjaci CRO"]
[Date "2002.01.05"]
[Round "4"]
[White "Jurkovic,A"]
[Black "Runic,Z"]
[Result "0-1"]
[WhiteElo "2301"]
[BlackElo "2448"]

1.e4 d6 2.d4 Nf6 3.Nc3 Nbd7 4.Nf3 e5 5.Bc4 Be7 6.O-O O-O 7.Re1 c6 8.a4 a5
9.Bg5 h6 10.Bh4 Nh5 11.Bxe7 Qxe7 12.Bf1 Ndf6 13.g3 Bg4 14.Be2 g6 15.d5 cxd5
16.exd5 Bxf3 17.Bxf3 Ng7 18.Bg2 Nd7 19.f4 Qd8 20.Qd2 Qb6+ 21.Kh1 Kh7 22.Ra3 exf4
23.Rb3 Qd8 24.Qxf4 Nc5 25.Ra3 Nh5 26.Qd2 Qd7 27.Bf3 Ng7 28.Ne4 Nxe4 29.Rxe4 Rfe8
30.Rae3 Rxe4 31.Rxe4 Rc8 32.Kg2 f5 33.Rh4 h5 34.b3 Qe7 35.Rd4 Qe5 36.Rd3 Qb2
37.Bd1 Re8 38.Qxa5 f4 39.Qc3 Qa3 40.gxf4 Rf8 41.Re3 Rf7 42.Be2 Qc1 43.Bd3 Rxf4
44.Rg3 Nf5 45.Qc7+ Kh6 46.Qd8 Qd2+ 47.Kh3 Rh4+  0-1

[Event "It"]
[Site "Reggio Emilia ITA"]
[Date "2002.01.05"]
[Round "6"]
[White "Zaja,I"]
[Black "Georgiev,Vl"]
[Result "0-1"]
[WhiteElo "2476"]
[BlackElo "2564"]

1.d4 d6 2.e4 Nf6 3.Nc3 e5 4.dxe5 dxe5 5.Qxd8+ Kxd8 6.Bc4 Be6 7.Bxe6 fxe6
8.f3 a6 9.Be3 Bb4 10.Ne2 Ke7 11.O-O-O Nbd7 12.Nb1 b5 13.Nd2 h6 14.Kb1 c5
15.c3 Ba5 16.Nb3 Bb6 17.c4 Rhc8 18.Nc3 Rab8 19.Rc1 Ne8 20.cxb5 axb5 21.Nxb5 c4
22.Bxb6 Nxb6 23.Na5 Na4 24.Na7 Rxb2+ 25.Ka1 Rc5 26.N7c6+ Kf6 27.Nxc4 Rxg2
28.Ne3 Rxc1+ 29.Rxc1 Re2 30.Ng4+ Kg5 31.Ngxe5 Rxh2 32.Nd3 h5 33.Rg1+ Kh6
34.Nce5 Nd6 35.Rc1 Nb5 36.Nc4 Nbc3 37.Ncb2 h4 38.a3 Nxb2 39.Nxb2 Ne2 40.Re1 h3
41.Nd1 Nd4  0-1

[Event "TCh-BEL 2001-2"]
[Site "Belgium BEL"]
[Date "2002.01.06"]
[Round "6"]
[White "Dutreeuw,M"]
[Black "Wuts,F"]
[Result "0-1"]
[WhiteElo "2345"]
[BlackElo "2309"]

1.e4 d6 2.d4 Nf6 3.Nc3 c6 4.Nf3 Bg4 5.Be2 Nbd7 6.Be3 e5 7.Nd2 Be6 8.O-O g6
9.a4 Qc7 10.Nc4 d5 11.exd5 Nxd5 12.Nxd5 Bxd5 13.Nxe5 Nxe5 14.dxe5 O-O-O 15.Bg4+ Kb8
16.Qd4 c5 17.Qc3 Qc6 18.Bh3 g5 19.f3 Rg8 20.Rf2 h5 21.Bf5 g4 22.fxg4 hxg4
23.Bf4 c4 24.Rd2 Bc5+ 25.Be3 g3 26.h3 Bxg2 27.Rad1 Rxd2 28.Qxd2 Bf3 29.Bxc5 Qxc5+
30.Qd4 Rd8  0-1

[Event "7th Hotel"]
[Site "Opatija CRO"]
[Date "2002.01.08"]
[Round "2"]
[White "Burovic,I"]
[Black "Topalovic,Z"]
[Result "1-0"]
[WhiteElo "2398"]
[BlackElo "2223"]

1.e4 d6 2.d4 Nf6 3.Nc3 e5 4.Nf3 Nbd7 5.Be2 Be7 6.O-O c6 7.a4 Qc7 8.Re1 h6
9.a5 g5 10.Bf1 Nf8 11.Qd3 Ng6 12.b4 a6 13.Na4 g4 14.Nd2 Nf4 15.Qc3 Rg8 16.Nb6 Rb8
17.Nxc8 Rxc8 18.dxe5 dxe5 19.Nc4 Nd7 20.Bxf4 exf4 21.e5 Kf8 22.Rad1 g3 23.fxg3 fxg3
24.Nd6 gxh2+ 25.Kh1 Rd8 26.Nxf7 Re8 27.Qf3 Kg7 28.Qg4+ Kxf7 29.Bc4+ Kf8 30.Qxg8+  1-0

[Event "TCh-CZE 2001-2"]
[Site "CZE"]
[Date "2002.01.13"]
[Round "7"]
[White "Rasik,V"]
[Black "Orsag,Mil1"]
[Result "1-0"]
[WhiteElo "2432"]
[BlackElo "2387"]

1.e4 d6 2.d4 Nf6 3.Nc3 e5 4.Nge2 Be7 5.f3 O-O 6.Be3 c6 7.Qd2 Nbd7 8.Ng3 b5
9.Nf5 b4 10.Ne2 d5 11.Neg3 dxe4 12.fxe4 exd4 13.Bxd4 c5 14.Qg5 g6 15.Be3 Kh8
16.Nxe7 Qxe7 17.Bb5 Qe6 18.O-O Ba6 19.Rxf6 Nxf6 20.Bxc5 Bxb5 21.Bd4 Kg8 22.Nf5 Rfc8
23.Bxf6 Rxc2 24.Nd4 Qb6 25.Qxb5 Qxf6 26.Nxc2 Qxb2 27.Qc4 Rd8 28.Rf1  1-0

[Event "XXVII Open"]
[Site "Seville ESP"]
[Date "2002.01.13"]
[Round "3"]
[White "Spraggett,K"]
[Black "Calvo,J"]
[Result "1-0"]
[WhiteElo "2541"]
[BlackElo "2285"]

1.e4 d6 2.d4 Nf6 3.Nc3 Nbd7 4.f4 e5 5.Nf3 exd4 6.Qxd4 c6 7.Be2 d5 8.exd5 Bc5
9.Qd3 cxd5 10.Be3 O-O 11.O-O-O Re8 12.Ne5 Qe7 13.Bf3 Nxe5 14.fxe5 Bxe3+ 15.Qxe3 Qxe5
16.Qxe5 Rxe5 17.Nxd5 Nxd5 18.Rxd5 Rxd5 19.Bxd5 Kf8 20.Re1 Rb8 21.c4 b6 22.Kc2 Bf5+
23.Kc3 Re8 24.Rxe8+ Kxe8 25.Kd4 Ke7 26.c5 bxc5+ 27.Kxc5 Be6 28.b4 f5 29.a4 g5
30.b5 f4 31.a5 g4 32.Be4 Kf6 33.a6 Ke5 34.Bb7 Bf5 35.b6 axb6+ 36.Kxb6 Be4
37.Bxe4 Kxe4 38.a7  1-0

[Event "39th BPCL ch-IND"]
[Site "Nagpur IND"]
[Date "2002.01.16"]
[Round "1"]
[White "Kunte,A"]
[Black "Koshy,V"]
[Result "1-0"]
[WhiteElo "2479"]
[BlackElo "2347"]

1.d4 d6 2.e4 Nf6 3.Nc3 e5 4.dxe5 dxe5 5.Qxd8+ Kxd8 6.Bc4 Be6 7.Bxe6 fxe6
8.f3 Bc5 9.Nh3 Nc6 10.Bd2 Ke7 11.Nf2 a6 12.Nd3 Bd6 13.Nd1 Nh5 14.Bg5+ Kf7
15.Ne3 Nf4 16.O-O-O Nxd3+ 17.Rxd3 Be7 18.Bxe7 Kxe7 19.Rb3 Rab8 20.Rd1 Rhd8
21.Rxd8 Kxd8 22.a4 Ke7 23.c3 h5 24.Kc2 Kf6 25.Ra3 a5 26.Ra1 Rd8 27.Rd1 Rxd1
28.Nxd1 Ke7 29.Kd3 Nb8 30.Ne3 Nd7 31.Kc4 c6 32.b4 axb4 33.cxb4 Kd6 34.a5 h4
35.Kd3 b5 36.g3 hxg3 37.hxg3 Nb8 38.Kc3 Na6 39.Nc2 Ke7 40.Ne1 Kd6 41.Nd3 g5
42.Kc2 Nb8 43.Nc5 Nd7 44.a6 Nb6 45.a7 Na8 46.Kd3 Nb6 47.Ke3 Na8 48.Kf2  1-0

[Event "XXVII Open"]
[Site "Seville ESP"]
[Date "2002.01.17"]
[Round "7"]
[White "Garcia Luque,A"]
[Black "Calvo,J"]
[Result "1/2-1/2"]
[WhiteElo "2425"]
[BlackElo "2285"]

1.e4 d6 2.d4 Nf6 3.Nc3 e5 4.dxe5 dxe5 5.Qxd8+ Kxd8 6.Bc4 Be6 7.Bxe6 fxe6
8.Be3 Bd6 9.f3 Nc6 10.Nge2 a6 11.Nd1 Nb4 12.Kd2 b5 13.Nf2 Ke7 14.Rhc1 c5
15.c4 Nd7 16.Nd3 Nxd3 17.Kxd3 Rhb8 18.b3 b4 19.a4 h6 20.Kc2 Rd8 21.Rd1 Nb8
22.f4 exf4 23.Bxf4 Nc6 24.Be3 e5 25.Rd5 Rac8 26.Nc1 Ke6 27.Nd3 Nd4+ 28.Bxd4 exd4
29.e5 Be7 30.Nf4+ Kf5 31.Nd3 Ke6 32.Nf4+ Kf5 33.Nd3 Ke6  1/2-1/2